000 00367nam a2200145Ia 4500
008 230917s9999||||xx |||||||||||||| ||und||
040 _e75346
_aMAIN
041 _aEnglish
082 _a658.8 B469V
100 _aBhadada, B M
245 0 _aTheory and practice of marketing management
260 _aJaipur
_bRamesh Book Depot
_c1995
300 _a759 p.
942 _cBK
999 _c84810
_d84810